000 00748nam a2200229Ii 4500
003 JO-AjNU
008 230605s9999||||xx |||||||||||||| ||und||
017 _a2004/8/2067
020 _a9957-11-568-5
040 _aJO-AjNU
_bara
_erda
_cJO-AjNU
041 _aara
050 1 4 _aHF5548.2.S35.2005
100 3 _aتأليف:السالمي،علاء عبدالرزاق محمد حسن,
_eauthor
_929446
245 0 0 _aنظم دعم القرارات
250 _aط1
264 3 1 _aعمان:دار وائل للنشر والتوزيع؛2005
300 _a245ص
336 _atext
_btxt
_2rdacontent
337 _aunmediated
_bn
_2rdamedia
338 _avolume
_bnc
_2rdacarrier
650 4 _aالادارة- الانظمة والقوانين
_929447
999 _aA11552
_c15120
_d15120